000 00833cam a2200217 a 4500
020 _a0764179357 (book with audio CD)
020 _a9780764179358 (book with audio CD)
082 0 0 _a428.1076
_bLOU
_cN-01,P-146
100 1 _aLougheed, Lin,
_946775
245 0 0 _aBarron's IELTS :
_bInternational Language Testing System.
260 _aHauppauge, N.Y. :
_bBarron's,
_cc2006.
300 _a346 p. :
_bill. ;
_c28 cm. +
_e1 sound disc (digital ; 4 3/4 in.)
526 _a0
_b0
_c0
_d428_107600000000000_LOU
650 0 _aEnglish language
650 0 _aEnglish language
_xExaminations
_938860
650 0 _aInternational English Language Testing System
_913112
650 0 _aMCE
_9379
710 2 _aBarron's Educational Series, Inc.
_946776
856 4 2 _uhttp://www.loc.gov/catdir/enhancements/fy0630/2006040752-d.html
942 _2ddc
_cBK
999 _c550006
_d550006